| 000 | 00815cam a22002773a 4500 | ||
|---|---|---|---|
| 001 | 2300 | ||
| 003 | PGUSA | ||
| 005 | 20140828083013.0 | ||
| 008 | 000801s2000||||xxu|||||s|||||000 | eng d | ||
| 040 |
_aPGUSA _beng |
||
| 042 | _adc | ||
| 050 | 4 | _aQH | |
| 100 | 1 |
_aDarwin, Charles, _d1809-1882 |
|
| 245 | 1 | 4 |
_aThe Descent of Man, and Selection in Relation to Sex _h[electronic resource] / _cCharles Darwin |
| 260 |
_bProject Gutenberg, _c2000 |
||
| 506 | _aPublic domain in the USA. | ||
| 516 | _aElectronic text | ||
| 653 | _aHuman beings -- Origin | ||
| 653 | _aSexual selection in animals | ||
| 653 | _aSex differences | ||
| 653 | _aEvolution (Biology) | ||
| 653 | _aSexual dimorphism (Animals) | ||
| 830 | 0 |
_aProject Gutenberg _v2300 |
|
| 856 | 4 | 0 | _uhttp://www.gutenberg.org/ebooks/2300 |
| 942 | _cEB | ||
| 999 |
_c231637 _d231637 |
||